| 000 | 00568nam a2200181Ia 4500 | ||
|---|---|---|---|
| 999 |
_c11250 _d11250 |
||
| 003 | OSt | ||
| 005 | 20200215095241.0 | ||
| 008 | 190216s9999||||xx |||||||||||||| ||und|| | ||
| 020 | _a9789350978276 | ||
| 040 | _coclc | ||
| 082 |
_a338.1 _bSIN/F |
||
| 100 |
_aSingh, Amarjit _92014 |
||
| 245 | 0 |
_aFundamentals Of Agricultural Economics / _cAmarjit Singh ; A N Sadhu ; Jasbir Singh |
|
| 260 |
_bHimalaya Publishing House, _c2013. _aMumbai: |
||
| 300 | _a469p | ||
| 650 | _aAgricultural Economics | ||
| 942 |
_cBK _2ddc _h338.1 _iSIN/F _k338.1 _mSIN/F |
||